000 00626cam a22002172 4500
001 0000002407
005 20151217145728.0
008 070410s xx 000 0 eng d
020 _a0135894662 :
_cKES 3,690
040 _aKABU
_cKABU
050 0 _aHF5667
_b.W66 1997
100 1 _aWoolf, Emile.
_@0000151760
245 1 0 _aAuditing today /
_cEmile Wolf.
250 _a6th ed.
260 _aHarlow, England :
_bPrentice Hall/Financial Times,
_cc1997.
300 _axvi, 530 p. ;
_c24 cm.
650 0 _aAuditing.
_@0000151729
908 _a070410
950 _@1
999 _c1986
_d1986